00414 2200157 4500001002100000005001500021035002000036245006700056100001900123300001200142260004600154082000800200084001400208020002200222990001200244INLIS00000000000248620250604111331 a0010-06250000721 aSuper Modul KSN Ekonomi 2 :bMakroekonomi /cM. Agung Lazuardi0 aAgung Lazuardi a176 hlm aJakarta :bPT. Jakarta Sains Media,c2022 a330 a330 AGU s a978-623-6111-40-6 a0754869